000 00391nam a22001697a 4500
005 20160629125256.0
008 160629b xxu||||| |||| 00| 0 eng d
020 _a81-203-1505-7
041 _aeng
082 _b10835
100 _aBobrow, Edvin E
_93182
245 _aGuide to New Product Development
260 _bPHI
_c1999
300 _a285
650 _aManagement
_9241
942 _cBK
999 _c4674
_d4672